Quizzes
Events
Quiz Creation
Community
Videos
Private Events
Remove Ads
Sign In
Join for FREE
Feedback
Dark Mode
Quiz Categories
Sports
Geography
Music
Movies
Television
Just For Fun
Miscellaneous
History
Literature
Language
Science
Gaming
Entertainment
Religion
Holiday
For Kids
Quiz Lab
Recent
Popular Today
Quiz Kudos Today
Editor Picks
Curator Picks
Quizzes by...
Day
Popularity
Type
Ratings
Length
Year
Community
Subscriptions
Recent Discussions
Orange Saloon
Badges
Playlists
Quests
Create
Leaderboards
Showdown
Live 5
Trivia Bingo
Activity
Puzzle Library
Sporcle Events
Private Events
Virtual Trivia
Globe League
Become a Host
Pub Owners
SporcleCon
Opinionation
Our Games
Videos
Blog
Mobile Apps
Partnerships
Remove Ads and Go Orange
Feedback
Music
Pop Music
The Beatles
Song
Album
Lyrics
Bands
Singers
Artist
Clip
Rock
Rap
Classical
Billboard
Country Music
Kpop
Taylor Swift
Music
Pop Music
The Beatles
Song
Album
Lyrics
Bands
Singers
Artist
Clip
Rock
Rap
Classical
Billboard
Country Music
Kpop
Taylor Swift
Random Quiz
Search Sporcle
×
Quiz Lab
Quiz Lab
Music
Song
Type in answers that appear in a list
Type in answers that appear in a list
Classic
Best Score? Go Orange.
Singing Song Stats
Can you name the lyrics to this song about singing?
By
brodeur
5m
97 Questions
78 Plays
78 Plays
78 Plays
Comments
Comments
Give Quiz Kudos
Give Quiz Kudos
-
- Ratings
hide this ad
Replay
Link that replays current quiz
Next Quiz
Link to next quiz in quiz playlist
You Got
0%
They Got
Avg Score
70%
Avg Friend Score
Upgrade to see
Score Distribution
Jump to the score distribution portion of the page
Score
0/97
Timer
05:00
0
Plays Today
Lyric
% Correct
A
91%
a
91%
a
91%
a
91%
a
91%
a
91%
a
91%
a
91%
a
91%
I
87.2%
I
87.2%
the
83.3%
to
83.3%
The
83.3%
to
83.3%
Doe,
83.3%
to
83.3%
to
83.3%
to
83.3%
do
83.3%
you
80.8%
you
80.8%
you
80.8%
sing
80.8%
you
80.8%
Ray,
79.5%
Me,
79.5%
When
75.6%
with
75.6%
When
75.6%
with
75.6%
with
75.6%
be
74.4%
Lyric
% Correct
Sew,
74.4%
sew
74.4%
note
73.1%
deer,
71.8%
deer
71.8%
of
71.8%
Far,
71.8%
Tea,
71.8%
female
70.5%
drop
70.5%
sun
70.5%
name
70.5%
call
70.5%
myself
70.5%
way
70.5%
La,
70.5%
and
70.5%
golden
69.2%
pulling
69.2%
thread
69.2%
long,
67.9%
long
67.9%
run
67.9%
needle
67.9%
Let's
66.7%
begin
66.7%
A-B-C
66.7%
begin
66.7%
Let's
66.7%
follow
65.4%
jam
65.4%
bread
65.4%
bring
65.4%
Lyric
% Correct
us
65.4%
back
65.4%
start
64.1%
good
64.1%
start
64.1%
drink
64.1%
That
64.1%
will
64.1%
very
62.8%
very
62.8%
place
62.8%
read
62.8%
first
62.8%
notes
62.8%
at
61.5%
beginning
61.5%
just
61.5%
three
60.3%
happen
60.3%
do-re-mi
59%
Do-re-mi,
59%
do-re-mi
59%
Do-re-mi,
59%
Do-re-mi
59%
it
56.4%
if
51.3%
can
51.3%
see
48.7%
make
48.7%
Do-re-mi-fa-so-la-ti
30.8%
easy
26.9%
Quiz Playlist
Details
Report
Send in Message
Add To Playlist
Classic:
Type in answers that appear in a list
Quiz Source
Last Updated: Feb 16, 2017
Quiz Scoreboard
CHALLENGE
Sign Up to Join the Scoreboard
Show All
Scores
Hide
Comments
May contain spoilers
Recently Published
TV Characters by Other Roles V
by ghcgh
Television
5m
Decade Duel: World Leaders
by jenniferyan
History
4m
Alphabetical 'K' Countries by Flag Minefield
by ylime102
Geography
3m
More to Explore
Quiz From the Vault
Featured Blog Post
15 Basketball Trivia Facts You Can Be March Mad About
hide this ad
You Might Also Like...
Tags
Lyrics Quiz
Song Quiz
out
Sing
Sing-Along
Sound of Music
Today's Top Quizzes in Music
Browse Music
hide this ad
Today's Top Quizzes in Song
Browse Song
Top Contributed Quizzes in Music
1
Taylor Swift All Songs (2024)
2
Decade Duel: Singer
3
Taylor Swift Logic Puzzle
4
KPOP LOGIC QUIZ
5
Guess The Taylor Swift Lyrics Song #1
6
Guess the Taylor Swift song (Mystery Song)
7
A Taylor Swift Logic Puzzle
8
2 word kpop group match
9
Madness Songs By Image
10
kpop group name match up
Explore More
Trending Topics
Kpop
Harry Potter
Disney
NBA
Anime
Crossword
Marvel
Puzzle
WWE
Pokémon
Country
Soccer
NFL
Song
The Office
hide this ad
More By:
brodeur
Quiz
Plays
Rating
Category
Featured
Created
tricky typing
326
5.00
Just For Fun
Jul 8, 2011
Euro-less European Union
287
4.71
Geography
Sep 21, 2011
New York Yankees Championships
269
4.75
Sports
Jul 14, 2015
men in black introduction
206
5.00
Movies
Sep 10, 2011
NHL Stanley Cup and the Presidents Trophy winners
82
5.00
Sports
Jun 19, 2011
Go to Creator's Profile
Score Distribution
Quiz Creator Spotlight
brodeur
Follow
Send a Message
Quizzes Created
-
Created Quiz Play Count
-
More By This Creator
Popular Quizzes Today
1
Countries of Asia Without Outlines Minefield
2
Find the US States - No Outlines Minefield
3
Pick 6: Fruits
4
The Countries of the World
5
Find the Countries of Europe - No Outlines Minefield
6
Alphabetical 'K' Countries by Flag Minefield
7
Find the US States
8
US States
More Music Quizzes
Taylor Swift Songs
Published
Trending Quizzes
Pick 6: Mountains
Pick 6: Harry Potter
Pick 6: NFL Teams
Pick 6: Flags
C Names for Actors
Recently Updated
Adaptations: Name the Title
pecheneg
NWSL Teams
pecheneg
Women's Final Four Teams by Year
bhenderson79
Presidents Quartet II
eogle
Anything But Clue(do)
eogle
Anything But Oceanian Capitals
eogle
Anything But 7
eogle
Anything But Thing
eogle
Word Ladder: February 29
pecheneg
Song Title Questions
pecheneg
Trending Topics
Marvel
Crossword
NBA
Harry Potter
Disney
Kpop
Anime
Soccer
Country
The Office
NFL
Song
Puzzle
WWE
Pokémon
Your Account Isn't Verified!
In order to create a playlist on Sporcle, you need to verify the email address you used during registration. Go to your
Sporcle Settings
to finish the process.
Report this User
Report this user for behavior that violates our
Community Guidelines
.
Details:
Send Report
Go to the Sporcle.com Mobile Site →
Comments